Реферативный журнал, №3. Литературоведение 2018 (ბიბ.ჩანაწერი № 56316)
[ მარტივი ფორმატი ]
| 000 -LEADER | |
|---|---|
| fixed length control field | 00710nam a2200205Ia 4500 |
| 001 - CONTROL NUMBER | |
| control field | 23429 |
| 003 - CONTROL NUMBER IDENTIFIER | |
| control field | GE_BSU |
| 008 - FIXED-LENGTH DATA ELEMENTS--GENERAL INFORMATION | |
| fixed length control field | 181216s||||||||xx |||||||||||||| ||und|| |
| 040 ## - CATALOGING SOURCE | |
| Transcribing agency | GE_BSU |
| 245 ## - TITLE STATEMENT | |
| Title | Реферативный журнал, №3. Литературоведение 2018 |
| 245 ## - TITLE STATEMENT | |
| Remainder of title | Раздел. Социальные и гуманитарные науки |
| 245 ## - TITLE STATEMENT | |
| Statement of responsibility, etc. | гл.ред.Цурганова Е.А.и др. |
| 260 ## - PUBLICATION, DISTRIBUTION, ETC. | |
| Place of publication, distribution, etc. | москва |
| 260 ## - PUBLICATION, DISTRIBUTION, ETC. | |
| Date of publication, distribution, etc. | 2018г. |
| 300 ## - PHYSICAL DESCRIPTION | |
| Extent | 259 стр. 20 см. |
| 653 ## - INDEX TERM--UNCONTROLLED | |
| Uncontrolled term | Периодика |
| 653 ## - INDEX TERM--UNCONTROLLED | |
| Uncontrolled term | Реферативный журнал, №3. Литературоведение 2018 |
| 653 ## - INDEX TERM--UNCONTROLLED | |
| Uncontrolled term | პერიოდიკა |
| 942 ## - ADDED ENTRY ELEMENTS (KOHA) | |
| Koha item type | პერიოდიკა |
არაა ხელმისაწვდომი ეგზემპლარები.
